banner-ar

SOURCES OF CONTEMPORARY RADICALISM / (Record no. 17138)

MARC details
000 -الفاتح
حقل البيانات ثابتة الطول 00431nam a2200157Ia 4500
005 - وقت وتاريخ اخر تعامل مع التسجيلة
رقم الضبط 20240530100358.0
008 - عناصر البيانات ثابتة الطول - معلومات عامة
حقل البيانات ثابتة الطول 140319s9999 xx 000 0 eng d
040 ## - مصدر الفهرسة
وكالة الفهرسة الأصلية GCL /
وكالة النسخ GCL
082 04 - رقم تصنيف ديوى العشرى
رقم التصنيف 320.53
رقم المادة B R
100 1# - المدخل الرئيسى - إسم شخصى
الإسم الشخصى BIALER, SEWERYN
245 10 - بيان العنوان
العنوان SOURCES OF CONTEMPORARY RADICALISM /
بيان المسئوليه,etc BIALER, SEWERYN
260 ## - PUBLICATION, DISTRIBUTION, ETC. (IMPRINT)
تاريخ النشر أو التوزيع 1975
650 04 - المدخل الاضافى بالموضوع-مصطلح موضوعى
مصطلح موضوعي RADIATION CURING
942 ## - عناصر المدخل الإضافي( كوها)
مصدر التصنيف او مخطط الترفيف Dewey Decimal Classification
Koha [default] item type كتاب
260 ## - PUBLICATION, DISTRIBUTION, ETC. (IMPRINT)
-- [S.N] :
-- COLUMBIA UNIVERSITY PRASS ،
Holdings
حالة التراجع حالة الفقد حالة تلف ليس للاعارة المكان المؤقت الموقع الحالى تاريخ الاكتساب اجمالي اﻻعارات رقم الطلب الباركود تاريخ اخر مشاهدة تاريخ تفعيل السعر نوع وعاء كوها
        مكتبة القاهرة الكبرى مكتبة القاهرة الكبرى 03/26/2014   320.53\B R 30907 03/26/2014 03/26/2014 كتاب
        مكتبة القاهرة الكبرى مكتبة القاهرة الكبرى 03/26/2014   320.53\B R 30908 03/26/2014 03/26/2014 كتاب
        مكتبة القاهرة الكبرى مكتبة القاهرة الكبرى 03/26/2014   320.53\B R 30909 03/26/2014 03/26/2014 كتاب

Powered By

EGPV